La filosofa̕ del derecho contemporǹea temas y desafios /

Bibliographic Details
Main Author: Faralli, Carla
Other Authors: Falcn̤ y Tella, Maria Jos,̌ (tr.), Iturmendi Morales, Jose (tr.), Martn̕ez Muǫz, Juan Antonio (tr.)
Format: Unknown
Language:Spanish
Published: Buenos Aires: Ciudad Argentina , 2007
Subjects:
Online Access:Acceso restringido

MARC

LEADER 00000ny a22000003n 4500
005 20110530103317.0
008 070531s2007 ag 001 0 spa c
020 |a 9788493437480 
035 |a 2421 
040 |a SpMaUCDE  |d vLex 
080 |a 340.12 
090 |c 347  |d 347 
100 1 |a Faralli, Carla 
245 1 3 |a La filosofa̕ del derecho contemporǹea  |h [Recurso electrn̤ico]  |b temas y desafios /  |c Carla Faralli ; traduccin̤ al castellano de Jos ̌Iturmendi Morales, Mara̕ Jos ̌Falcn̤ y Tella y Juan antonio Martn̕ez Muǫz 
256 |a Servicio en ln̕ea. 
260 |a Buenos Aires:  |b Ciudad Argentina ,  |c 2007 
300 |a v. 
506 1 |a Contenido solo disponible en los productos indicados  |d vLex Global  |d vLex Global (Academic Edition, excluding Law Schools)  |d vLex Global (U.S. Academic Edition, Law Schools)  |d vLex Global (U.S. Academic Edition, excluding Law Schools)  |d vLex Global (Academic Edition, Law Schools) 
650 0 4 |a Derecho  |x Filosofa̕ 
700 1 |a Falcn̤ y Tella, Maria Jos,̌  |e tr. 
700 1 |a Iturmendi Morales, Jose,  |e tr. 
700 1 |a Martn̕ez Muǫz, Juan Antonio,  |e tr. 
740 0 |a vLex Libros (Servicios en ln̕ea) 
856 4 0 |u http://vlex.com/source/2421  |z Acceso restringido 
942 |c BOOK 
999 0 |a Law   |b Argentina